000 00571cam a22002171 4500
001 sa 67002951
003 DLC
005 20260227112334.0
008 820922s1966 ii a 000 0 eng
010 _asa 67002951
035 _a(OCoLC)8797495
040 _aDLC
_cMoU
_dDLC
042 _apremarc
050 0 0 _aDS485.K4
_bK68
100 1 _aKrishna Ayyar, K. V.
_d1894-
245 1 2 _aA short history of Kerala,
_cby K.V. Krishna Ayyar.
250 _a[1st ed.]
260 _aErnakulam,
_bPai
_c[1966]
300 _a218 p.
_billus.
651 0 _aKerala (India)
_xHistory.
999 _c73550
_d73550